| 000 | 00871nam a2200253 i 4500 | ||
|---|---|---|---|
| 001 | 105796 | ||
| 003 | ES-MaACL | ||
| 005 | 20230906183957.0 | ||
| 007 | t| | ||
| 008 | 060829s1960 mx ||||1| spa d | ||
| 080 | _a929 Castro Delgado,Enrique | ||
| 080 | _a946"1931/39"(093.32) | ||
| 080 | _a329(46)PCE"1931/39" | ||
| 100 | 1 |
_aCastro Delgado, Enrique. _936919 |
|
| 245 | 1 | 0 |
_aHombres made in Moscu / _cEnrique Castro Delgado ; [il. Ramón Pontones]. |
| 260 |
_aMéxico : _b[s.n.], _c1960. |
||
| 300 |
_a737 p. : _bretr. autor ; _c20 cm. |
||
| 500 | _aBiblioteca Juan Andrade. | ||
| 600 | 1 | 4 |
_aCastro Delgado, Enrique. _936919 |
| 610 | 2 | 7 |
_aPartido Comunista de España- _y1931-1939. _96136 |
| 651 | 4 |
_aEspaña- _xHistoria- _y1931-1939, II República- _vRelatos personales. _98290 |
|
| 700 | 1 |
_aPontones, Ramón. _993066 |
|
| 852 |
_aES-MaACL _jAND-611 _bR.109909 |
||
| 999 |
_c105796 _d105796 |
||